000 00487nam a2200193Ia 4500
003 GCL
008 140319s9999 xx 000 0 eng d
040 _aGCL /
_cGCL
082 0 4 _aCH
_b932
_bP T
100 1 _aPIERRE, MIQUEL
245 1 0 _aAU TEMPS DES ANCIENC EGYPTIENS /
_cPIERRE, MIQUEL
260 _a[S.N] :
_bHACHETTE JEUNESSE ،
_c1990
300 _a67 P
650 0 4 _aART - EGYPT
650 0 4 _aCHILDREN
650 0 4 _aHISTORY
650 0 4 _aHISTORY, ANCIENT
942 _2ddc
_cBK
999 _c15090
_d15090